00530nam a2200193 a 4500001001300000003000900013005001700022008004100039020002300080082001300103100002300116245006100139260003400200300001000234500003500244505001000279650002400289700002300313nice12345678IN_TiNIC20260116014942.0130520s1997 newa grp 000 0 eng  a9780553176988c20000a113bHAW aHawking, Stephen W aBrief History of Timeb from the Big Bang to Black Holes aNew YorkbBantam Books c1997 a211p  aincludes index and biblioraphy2 aIndex aCreation-Philosophy1 aHawking, Stephen W